[Event "TCh-FRA Top 12 2017"]
[Site "Chartres FRA"]
[Date "2017.05.27"]
[Round "10.5"]
[Board "6"]
[White "Moucheroud, Jeremy"]
[Black "Tregubov, Pavel V."]
[Result "1/2-1/2"]
[BlackTitle "GM"]
[WhiteElo "2197"]
[BlackElo "2584"]
[WhiteTeam "Echecs Club MONTPELLIER"]
[BlackTeam "CLICHY Echecs 92"]
[WhiteFideId "652288"]
[BlackFideId "4115341"]
[EventDate "2017.05.18"]

1. e4 c5 2. Nf3 Nc6 3. d4 cxd4 4. Nxd4 Nf6 5. Nc3 e5 6. Ndb5 d6 7. Nd5 Nxd5 8.
exd5 Nb8 9. a4 Be7 10. Be2 O-O 11. O-O Nd7 12. Kh1 a6 13. Na3 b6 14. Nc4 Bb7 15.
f4 b5 16. Ne3 bxa4 17. fxe5 Nxe5 18. Nf5 Bf6 19. Rxa4 Re8 20. b3 Ng6 21. Bc4 Bc8
22. Bd2 Be5 23. Qf3 Rf8 24. Bd3 a5 25. Qh5 Re8 26. Rg4 Ra7 27. Bg5 Bxf5 28. Bxd8
Bxg4 29. Qxg4 Rxd8 30. g3 Bc3 31. Bxg6 hxg6 32. Qc4 Be5 33. Qc6 Rdd7 34. c4 Rdc7
35. Qe8+ Kh7 36. Rf3 a4 37. bxa4 Rxc4 38. Rxf7 Rxf7 39. Qxf7 Rxa4 40. Kg2 Ra2+
41. Kh3 Rd2 42. Qf3 1/2-1/2

[Event "TCh-FRA Top 12 2017"]
[Site "Chartres FRA"]
[Date "2017.05.27"]
[Round "10.6"]
[Board "2"]
[White "Areshchenko, Alexander"]
[Black "Baklan, Vladimir"]
[Result "1/2-1/2"]
[WhiteTitle "GM"]
[BlackTitle "GM"]
[WhiteElo "2677"]
[BlackElo "2594"]
[WhiteTeam "GRASSE Echecs"]
[BlackTeam "C.E. STRASBOURG"]
[WhiteFideId "14109530"]
[BlackFideId "14102196"]
[EventDate "2017.05.18"]

1. e4 d6 2. d4 Nf6 3. Nc3 e5 4. Nf3 Nbd7 5. Bc4 Be7 6. a4 O-O 7. O-O c6 8. Re1
Qc7 9. h3 h6 10. Ba2 Re8 11. Be3 Nf8 12. Qd3 Be6 13. d5 cxd5 14. Nxd5 Bxd5 15.
Bxd5 Nxd5 16. Qxd5 Qc6 17. c4 Rec8 18. Rec1 Nd7 19. Nd2 Bg5 20. Bxg5 hxg5 21.
Qd3 a5 22. Qg3 1/2-1/2

[Event "TCh-FRA Top 12 2017"]
[Site "Chartres FRA"]
[Date "2017.05.27"]
[Round "10.6"]
[Board "3"]
[White "Sebag, Marie"]
[Black "Kuzubov, Yuriy"]
[Result "1/2-1/2"]
[WhiteTitle "GM"]
[BlackTitle "GM"]
[WhiteElo "2488"]
[BlackElo "2637"]
[WhiteTeam "C.E. STRASBOURG"]
[BlackTeam "GRASSE Echecs"]
[WhiteFideId "617822"]
[BlackFideId "14112906"]
[EventDate "2017.05.18"]

1. e4 c5 2. c3 e6 3. d4 d5 4. exd5 exd5 5. Nf3 Nf6 6. Bb5+ Bd7 7. Bxd7+ Nbxd7 8.
O-O Be7 9. dxc5 Nxc5 10. Nbd2 O-O 11. Nb3 Nce4 12. h3 Bd6 13. Be3 Re8 14. Qd3
Qc7 15. Rad1 a6 16. Rfe1 Rad8 17. Nbd4 g6 18. Nc2 Nc5 19. Qd4 Nce4 20. Qd3 Bf8
21. Bd4 Nc5 22. Qd2 Nfe4 23. Qc1 Ne6 24. Ne3 Nxd4 25. Rxd4 Nf6 26. Ng4 Rxe1+ 27.
Qxe1 Nxg4 28. hxg4 Bc5 29. Rd2 Qf4 30. g5 Kg7 31. Qe5+ Qxe5 32. Nxe5 f6 33. Nf3
Be7 34. gxf6+ Kxf6 35. g4 h6 36. Kg2 Bc5 37. Nd4 Bxd4 38. Rxd4 Ke6 39. f4 b5 40.
Kf3 Rb8 41. a3 Rh8 1/2-1/2

[Event "TCh-FRA Top 12 2017"]
[Site "Chartres FRA"]
[Date "2017.05.27"]
[Round "10.6"]
[Board "4"]
[White "Dorfman, Iossif"]
[Black "Sanikidze, Tornike"]
[Result "1/2-1/2"]
[WhiteTitle "GM"]
[BlackTitle "GM"]
[WhiteElo "2560"]
[BlackElo "2518"]
[WhiteTeam "GRASSE Echecs"]
[BlackTeam "C.E. STRASBOURG"]
[WhiteFideId "604011"]
[BlackFideId "13602608"]
[EventDate "2017.05.18"]

1. d4 f5 2. g3 Nf6 3. Bg2 g6 4. Nf3 Bg7 5. O-O O-O 6. c4 d6 7. Nc3 e6 8. b3 Ne4
9. Bb2 b6 10. Qc2 Bb7 11. Nd2 d5 12. Rfd1 Nd7 13. e3 a5 14. Rac1 c6 15. f4 1/2-1/2

[Event "TCh-FRA Top 12 2017"]
[Site "Chartres FRA"]
[Date "2017.05.27"]
[Round "10.6"]
[Board "5"]
[White "Rozentalis, Eduardas"]
[Black "Wirig, Anthony"]
[Result "1/2-1/2"]
[WhiteTitle "GM"]
[BlackTitle "GM"]
[WhiteElo "2535"]
[BlackElo "2486"]
[WhiteTeam "C.E. STRASBOURG"]
[BlackTeam "GRASSE Echecs"]
[WhiteFideId "12800023"]
[BlackFideId "615013"]
[EventDate "2017.05.18"]

1. e4 c5 2. Nf3 g6 3. c3 d5 4. exd5 Qxd5 5. Na3 Bg7 6. Bc4 Qd8 7. Qb3 Nh6 8. d4
O-O 9. dxc5 Nd7 10. Be3 Nf5 11. O-O-O Nxe3 12. fxe3 e6 13. Nb5 Nxc5 14. Qa3 Qe7
15. h4 b6 16. Nd6 Bb7 17. Ng5 Rad8 18. Ndxf7 Rxd1+ 19. Rxd1 Rxf7 20. Nxf7 Kxf7
21. Qxa7 Qc7 22. Bb5 Kg8 23. g4 h5 24. gxh5 gxh5 25. Bd3 Nxd3+ 26. Rxd3 Kh7 27.
Qa4 Qg3 28. Qf4 Qg2 29. Rd2 Qg1+ 30. Rd1 Qg2 31. Rd2 Qg1+ 32. Rd1 Qg2 1/2-1/2

[Event "TCh-FRA Top 12 2017"]
[Site "Chartres FRA"]
[Date "2017.05.27"]
[Round "10.6"]
[Board "6"]
[White "Apicella, Manuel"]
[Black "Sharif, Mehrshad"]
[Result "1/2-1/2"]
[WhiteTitle "GM"]
[BlackTitle "IM"]
[WhiteElo "2515"]
[BlackElo "2363"]
[WhiteTeam "GRASSE Echecs"]
[BlackTeam "C.E. STRASBOURG"]
[WhiteFideId "600164"]
[BlackFideId "600121"]
[EventDate "2017.05.18"]

1. e4 e6 2. d4 d5 3. Nc3 Nf6 4. e5 Nfd7 5. f4 c5 6. Nf3 Be7 7. Be3 O-O 8. Qd2 a6
9. Be2 Nc6 10. O-O b5 11. a3 Bb7 12. Kh1 Qb6 13. Rad1 cxd4 14. Nxd4 Bc5 15. Rf3
Nxd4 16. Bxd4 Bxd4 17. Qxd4 Rac8 18. Rh3 Qxd4 19. Rxd4 Nb6 20. Bd3 g6 21. Kg1
Nc4 22. Bxc4 Rxc4 23. Rhd3 f6 24. exf6 Rxf6 25. g3 g5 26. fxg5 Rg6 27. h4 h6 28.
gxh6 Rxd4 29. Rxd4 Rxg3+ 30. Kf2 Rg6 31. a4 e5 32. Rd1 d4 33. Ne2 Rg2+ 34. Kf1
Bf3 35. Re1 bxa4 36. Ng1 Bc6 37. Re2 Rxe2 38. Kxe2 e4 39. Nh3 Kh7 40. Ng5+ Kxh6
41. Ne6 Bb5+ 42. Ke1 d3 43. cxd3 exd3 44. Nf4 Bc4 45. Kd2 Bb5 46. Kc3 a5 47.
Nxd3 Kh5 48. Ne5 Kxh4 49. Nc4 Kg5 50. Nxa5 Kf6 51. Kb4 Be8 52. Nc4 Ke7 53. Nb6
Kd6 54. Nxa4 Kc7 55. Nc3 Bg6 56. Kc5 Bd3 57. Nb5+ Kb7 58. Nd6+ Kc7 59. Nc4 Kb7
60. b4 Bxc4 61. Kxc4 1/2-1/2

[Event "TCh-FRA Top 12 2017"]
[Site "Chartres FRA"]
[Date "2017.05.27"]
[Round "10.6"]
[Board "7"]
[White "Heinz, Timothee"]
[Black "Libiszewski, Fabien"]
[Result "1/2-1/2"]
[WhiteTitle "FM"]
[BlackTitle "GM"]
[WhiteElo "2353"]
[BlackElo "2544"]
[WhiteTeam "C.E. STRASBOURG"]
[BlackTeam "GRASSE Echecs"]
[WhiteFideId "623369"]
[BlackFideId "616834"]
[EventDate "2017.05.18"]

1. Nf3 Nf6 2. g3 g6 3. Bg2 Bg7 4. O-O O-O 5. d4 d6 6. b3 c5 7. c4 e5 8. e3 Nc6
9. Bb2 e4 10. Nfd2 Bf5 11. Nc3 Re8 12. d5 Nb4 13. Ne2 Nd3 14. Bc3 Qd7 15. Qc2 h5
16. Nf4 Nxf4 17. gxf4 h4 18. Qb2 Nh5 19. Bxg7 Nxg7 20. h3 Bxh3 21. Nxe4 Nh5 22.
Nf6+ Nxf6 23. Qxf6 Qg4 24. Qg5 Qxg5 25. fxg5 Bxg2 26. Kxg2 Re5 27. Kh3 Rxg5 28.
Kxh4 Rh5+ 29. Kg3 Kg7 30. Rh1 Rah8 31. Rxh5 Rxh5 32. Rb1 1/2-1/2

[Event "TCh-FRA Top 12 2017"]
[Site "Chartres FRA"]
[Date "2017.05.28"]
[Round "11.1"]
[Board "3"]
[White "David, Alberto"]
[Black "Istratescu, Andrei"]
[Result "1/2-1/2"]
[WhiteTitle "GM"]
[BlackTitle "GM"]
[WhiteElo "2548"]
[BlackElo "2596"]
[WhiteTeam "Les Tours de Haute Picardie, SAINT QUENTIN"]
[BlackTeam "MULHOUSE Philidor"]
[WhiteFideId "4000013"]
[BlackFideId "1200372"]
[EventDate "2017.05.18"]

1. e4 c6 2. d4 d5 3. Nc3 dxe4 4. Nxe4 Bf5 5. Ng3 Bg6 6. Nh3 Nf6 7. c3 Nbd7 8.
Bc4 Nb6 9. Bb3 e6 10. Nf4 Bd6 11. O-O Qc7 12. Qf3 Nbd5 13. Nxg6 hxg6 14. Re1
O-O-O 15. Bg5 Bf4 16. Bxf4 Qxf4 17. Qxf4 1/2-1/2

[Event "TCh-FRA Top 12 2017"]
[Site "Chartres FRA"]
[Date "2017.05.28"]
[Round "11.1"]
[Board "4"]
[White "Heimann, Andreas"]
[Black "Relange, Eloi"]
[Result "1/2-1/2"]
[WhiteTitle "GM"]
[BlackTitle "GM"]
[WhiteElo "2573"]
[BlackElo "2464"]
[WhiteTeam "MULHOUSE Philidor"]
[BlackTeam "Les Tours de Haute Picardie, SAINT QUENTIN"]
[WhiteFideId "24624632"]
[BlackFideId "600822"]
[EventDate "2017.05.18"]

1. d4 f5 2. g3 Nf6 3. Bg2 e6 4. Nf3 d5 5. O-O Bd6 6. c4 c6 7. b3 Qe7 8. Bb2 O-O
9. Nbd2 b6 10. Ne5 Bb7 11. e3 Nbd7 12. Rc1 Rac8 13. Qe2 Rfd8 14. Rfd1 a5 15.
Ndf3 Ne4 16. Nxd7 Rxd7 17. cxd5 exd5 18. Ne5 Bxe5 19. dxe5 Ng5 20. f4 Ne6 21. g4
g6 22. gxf5 gxf5 23. Qh5 Rf8 24. Bh3 Qb4 25. Rc2 Rg7+ 26. Rg2 Qe4 27. Rxg7+ Kxg7
28. Kf2 Ba6 29. Rd2 1/2-1/2

[Event "TCh-FRA Top 12 2017"]
[Site "Chartres FRA"]
[Date "2017.05.28"]
[Round "11.1"]
[Board "8"]
[White "Richard, Emma"]
[Black "Leconte, Maria"]
[Result "1/2-1/2"]
[WhiteTitle "WFM"]
[BlackTitle "WGM"]
[WhiteElo "2072"]
[BlackElo "2174"]
[WhiteTeam "MULHOUSE Philidor"]
[BlackTeam "Les Tours de Haute Picardie, SAINT QUENTIN"]
[WhiteFideId "657590"]
[BlackFideId "618446"]
[EventDate "2017.05.18"]

1. e4 e5 2. Nf3 d6 3. d4 exd4 4. Qxd4 a6 5. Bg5 Nc6 6. Qd2 Be7 7. h4 Nf6 8. Nc3
h6 9. Bf4 Be6 10. O-O-O b5 11. Qe1 Qb8 12. Nd5 O-O 13. Nd4 Bxd5 14. exd5 Nxd4
15. Rxd4 Qb6 16. Be3 c5 17. dxc6 Qxc6 18. Bxh6 Rfe8 19. Be3 d5 20. Qd1 Bc5 21.
Bd3 Ne4 22. h5 Bxd4 23. Bxd4 Qh6+ 24. Kb1 Nd2+ 25. Ka1 Nc4 26. g4 Qd2 27. Qg1
Ne5 28. Bc3 Qg5 29. Bf5 Qf4 30. Qd1 b4 31. Bd4 Qf3 1/2-1/2

[Event "TCh-FRA Top 12 2017"]
[Site "Chartres FRA"]
[Date "2017.05.28"]
[Round "11.2"]
[Board "1"]
[White "Flear, Glenn C"]
[Black "Donchenko, Alexander"]
[Result "1/2-1/2"]
[WhiteTitle "GM"]
[BlackTitle "GM"]
[WhiteElo "2439"]
[BlackElo "2563"]
[WhiteTeam "Echecs Club MONTPELLIER"]
[BlackTeam "VANDOEUVRE Echecs"]
[WhiteFideId "400165"]
[BlackFideId "24603295"]
[EventDate "2017.05.18"]

1. d4 Nf6 2. c4 c5 3. d5 e6 4. Nc3 exd5 5. cxd5 d6 6. e4 g6 7. f4 Bg7 8. Bb5+
Nfd7 9. Nf3 a6 10. Bd3 b5 11. O-O O-O 12. Kh1 Nb6 13. f5 N8d7 14. Bg5 Qe8 15.
Qd2 b4 16. Nd1 a5 17. Ne3 Ba6 18. Ng4 Bxd3 19. f6 Qxe4 20. fxg7 Rfe8 21. Nf2
Qxd5 1/2-1/2

[Event "TCh-FRA Top 12 2017"]
[Site "Chartres FRA"]
[Date "2017.05.28"]
[Round "11.2"]
[Board "7"]
[White "Caron, Damien"]
[Black "Iglesias, Joachim"]
[Result "1/2-1/2"]
[WhiteElo "2024"]
[BlackElo "2258"]
[WhiteTeam "Echecs Club MONTPELLIER"]
[BlackTeam "VANDOEUVRE Echecs"]
[WhiteFideId "625620"]
[BlackFideId "637823"]
[EventDate "2017.05.18"]

1. d4 d6 2. Nf3 Nf6 3. c4 Nbd7 4. Nc3 e5 5. Bg5 c6 6. e3 Be7 7. Bd3 h6 8. Bh4
Nh5 9. Bxe7 Qxe7 10. O-O Nhf6 11. Bc2 O-O 12. b4 Re8 1/2-1/2

[Event "TCh-FRA Top 12 2017"]
[Site "Chartres FRA"]
[Date "2017.05.28"]
[Round "11.2"]
[Board "8"]
[White "Steil-Antoni, Fiona"]
[Black "Guerlin Dit De Guer, Clarisse"]
[Result "1-0"]
[WhiteTitle "WIM"]
[WhiteElo "2155"]
[BlackElo "1278"]
[WhiteTeam "VANDOEUVRE Echecs"]
[BlackTeam "Echecs Club MONTPELLIER"]
[WhiteFideId "4001249"]
[BlackFideId "45149500"]
[EventDate "2017.05.18"]

1. f4 e6 2. Nf3 d5 3. e3 Nf6 4. Be2 Be7 5. O-O O-O 6. b3 b6 7. Bb2 Bb7 8. Qe1
Nbd7 9. Ne5 Re8 10. d3 c5 11. Nd2 Qc7 12. Ndf3 Nxe5 13. Nxe5 Rf8 14. Qg3 Rad8
15. Rae1 d4 16. e4 Nd7 17. Nf3 f6 18. Bc1 Bd6 19. Qh3 Bxf4 20. Bxf4 Qxf4 21.
Nxd4 cxd4 22. Rxf4 1-0

[Event "TCh-FRA Top 12 2017"]
[Site "Chartres FRA"]
[Date "2017.05.28"]
[Round "11.3"]
[Board "7"]
[White "Abergel, Thal"]
[Black "Delorme, Axel"]
[Result "1/2-1/2"]
[WhiteTitle "GM"]
[BlackTitle "IM"]
[WhiteElo "2457"]
[BlackElo "2514"]
[WhiteTeam "TREMBLAY EN FRANCE"]
[BlackTeam "CLICHY Echecs 92"]
[WhiteFideId "614890"]
[BlackFideId "632023"]
[EventDate "2017.05.18"]

1. Nf3 d5 2. c4 e6 3. g3 Nf6 4. Bg2 Be7 5. O-O O-O 6. b3 c5 7. cxd5 Nxd5 8. Bb2
Nc6 9. d4 cxd4 10. Nxd4 Bd7 11. Nd2 Nxd4 12. Bxd4 Rc8 13. Nc4 Bb5 14. Rc1 Bg5
15. e3 b6 16. Qh5 g6 17. Qf3 Bf6 18. Rfd1 Bxd4 19. Rxd4 Qe7 20. Qd1 Rfd8 21.
Bxd5 exd5 22. Rxd5 Rxd5 23. Qxd5 Rc5 24. Qd4 Qc7 25. Qf4 Qc8 26. Rc2 Qh3 27. Rd2
Bc6 28. e4 Kg7 29. f3 Bb5 30. g4 Bxc4 31. bxc4 Qh4 32. Rd7 Qe1+ 33. Kg2 Qe2+ 34.
Kg3 Qe1+ 35. Kg2 Qe2+ 36. Kg3 Qe1+ 1/2-1/2

[Event "TCh-FRA Top 12 2017"]
[Site "Chartres FRA"]
[Date "2017.05.28"]
[Round "11.4"]
[Board "1"]
[White "Kryvoruchko, Yuriy"]
[Black "Duda, Jan-Krzysztof"]
[Result "1/2-1/2"]
[WhiteTitle "GM"]
[BlackTitle "GM"]
[WhiteElo "2714"]
[BlackElo "2693"]
[WhiteTeam "GRASSE Echecs"]
[BlackTeam "C.E. de BOIS COLOMBES"]
[WhiteFideId "14109182"]
[BlackFideId "1170546"]
[EventDate "2017.05.18"]

1. e4 c5 2. c3 d5 3. exd5 Qxd5 4. d4 Nf6 5. Nf3 e6 6. Bd3 Be7 7. O-O O-O 8. c4
Qd8 9. dxc5 Na6 10. Nc3 Nxc5 11. Bc2 Qxd1 12. Rxd1 b6 13. Ne5 1/2-1/2

[Event "TCh-FRA Top 12 2017"]
[Site "Chartres FRA"]
[Date "2017.05.28"]
[Round "11.4"]
[Board "5"]
[White "Dorfman, Iossif"]
[Black "Dionisi, Thomas"]
[Result "1/2-1/2"]
[WhiteTitle "GM"]
[BlackTitle "FM"]
[WhiteElo "2560"]
[BlackElo "2392"]
[WhiteTeam "GRASSE Echecs"]
[BlackTeam "C.E. de BOIS COLOMBES"]
[WhiteFideId "604011"]
[BlackFideId "651893"]
[EventDate "2017.05.18"]

1. d4 f5 2. g3 Nf6 3. Bg2 g6 4. Nf3 Bg7 5. b3 O-O 6. O-O d6 7. Bb2 Qe8 8. Nbd2
Nc6 9. Nc4 e6 10. a4 Bd7 11. e3 Nd8 12. Ne1 Bc6 13. f3 a5 14. Qe2 Nd7 15. Nd3 e5
16. dxe5 d5 17. Nd2 Nxe5 18. Nxe5 Bxe5 19. Bxe5 Qxe5 20. f4 Qc3 21. Qd3 Qc5 22.
Nf3 Re8 23. Rfe1 Nf7 24. Rac1 Rad8 25. Qd4 Qd6 26. Qc3 Ra8 27. Nd4 Bd7 28. Nb5
Bxb5 29. axb5 a4 30. Qd4 axb3 31. Bxd5 bxc2 32. Rxc2 Rad8 33. Bxf7+ Kxf7 34.
Qc4+ Qd5 35. Qxd5+ Rxd5 36. Rxc7+ Re7 37. Rec1 Rxb5 38. Rxe7+ Kxe7 39. Rc7+ Ke6
40. Rxh7 Rb2 41. Kf1 Kd5 1/2-1/2

[Event "TCh-FRA Top 12 2017"]
[Site "Chartres FRA"]
[Date "2017.05.28"]
[Round "11.4"]
[Board "6"]
[White "Travadon, Loic"]
[Black "Apicella, Manuel"]
[Result "1/2-1/2"]
[WhiteTitle "FM"]
[BlackTitle "GM"]
[WhiteElo "2358"]
[BlackElo "2515"]
[WhiteTeam "C.E. de BOIS COLOMBES"]
[BlackTeam "GRASSE Echecs"]
[WhiteFideId "26092131"]
[BlackFideId "600164"]
[EventDate "2017.05.18"]

1. e4 e6 2. d4 d5 3. exd5 exd5 4. Bf4 Bd6 5. Bxd6 Qxd6 6. c3 Bf5 7. Bd3 Ne7 8.
Bxf5 Nxf5 9. Nf3 O-O 10. O-O Nd7 11. Nbd2 Rae8 12. Qc2 g6 13. Rfe1 c6 14. Rxe8
Rxe8 15. Re1 Rxe1+ 16. Nxe1 Qe7 17. Nef3 Qe2 18. Qc1 f6 19. Qe1 Qxe1+ 20. Nxe1
Kf7 21. Nd3 g5 22. Kf1 Ke6 23. Ke2 b6 24. b3 h5 25. g3 a5 26. Nf1 c5 1/2-1/2

[Event "TCh-FRA Top 12 2017"]
[Site "Chartres FRA"]
[Date "2017.05.28"]
[Round "11.4"]
[Board "8"]
[White "Ariza, Thomas"]
[Black "De Seroux, Camille"]
[Result "1/2-1/2"]
[BlackTitle "WFM"]
[WhiteElo "2116"]
[BlackElo "2117"]
[WhiteTeam "C.E. de BOIS COLOMBES"]
[BlackTeam "GRASSE Echecs"]
[WhiteFideId "20687702"]
[BlackFideId "1305620"]
[EventDate "2017.05.18"]

1. d4 Nf6 2. c4 e6 3. Nf3 Bb4+ 4. Bd2 Qe7 5. g3 Bxd2+ 6. Nbxd2 d6 7. e4 e5 8.
Bg2 O-O 9. O-O a5 10. Qc2 Na6 11. dxe5 dxe5 12. Qc3 Rd8 13. Qxa5 Bg4 14. Qc3 Nc5
15. Qc2 Ra6 16. b4 Bxf3 17. Bxf3 Ne6 18. Qb2 Rad6 19. Nb3 Nd4 20. Nxd4 Rxd4 21.
Rad1 b6 22. a3 g6 23. Qc2 c5 24. b5 Qe6 25. Rfe1 Kg7 26. Qb3 R8d7 27. Rxd4 Rxd4
28. Rc1 Qd6 29. Qc2 Rd2 30. Rd1 Rxd1+ 31. Qxd1 Qxd1+ 32. Bxd1 Nxe4 33. a4 Nd6
34. Be2 Nb7 35. Bf3 Na5 36. Bd5 f5 37. f3 Kf6 38. Kf2 g5 39. g4 h6 40. gxf5 Kxf5
41. Ke3 1/2-1/2

[Event "TCh-FRA Top 12 2017"]
[Site "Chartres FRA"]
[Date "2017.05.28"]
[Round "11.5"]
[Board "2"]
[White "Baklan, Vladimir"]
[Black "Gharamian, Tigran"]
[Result "1/2-1/2"]
[WhiteTitle "GM"]
[BlackTitle "GM"]
[WhiteElo "2594"]
[BlackElo "2626"]
[WhiteTeam "C.E. STRASBOURG"]
[BlackTeam "NICE Alekhine"]
[WhiteFideId "14102196"]
[BlackFideId "13301527"]
[EventDate "2017.05.18"]

1. e4 e5 2. Nf3 Nc6 3. Bb5 Nf6 4. d3 Bc5 5. Bxc6 dxc6 6. Nbd2 Be6 7. Qe2 Nd7 8.
b3 Bd6 9. Bb2 c5 10. Nc4 Bxc4 11. bxc4 O-O 12. O-O b6 13. g3 f5 14. exf5 Rxf5
15. Qe4 Qf8 16. Kg2 Re8 17. Rae1 Re7 18. Nd2 Ref7 19. f3 Qd8 20. Qb7 a5 21. Ne4
h5 22. h4 Be7 23. Bc1 Nf8 24. Qc6 Qd7 25. Qxd7 Nxd7 26. Nc3 Bd8 27. f4 exf4 28.
Rxf4 Re5 29. Rxf7 Kxf7 30. Rf1+ Nf6 31. Bg5 Kg6 32. Rb1 Re8 33. Bf4 Ng4 34. Kf3
Nh2+ 35. Kg2 Ng4 36. Ne4 Re6 37. Kf3 Ne5+ 38. Bxe5 Rxe5 39. Ke3 Rf5 40. c3 1/2-1/2

[Event "TCh-FRA Top 12 2017"]
[Site "Chartres FRA"]
[Date "2017.05.28"]
[Round "11.5"]
[Board "6"]
[White "Vitoux, Colomban"]
[Black "Rambaldi, Francesco"]
[Result "1/2-1/2"]
[WhiteTitle "IM"]
[BlackTitle "GM"]
[WhiteElo "2382"]
[BlackElo "2542"]
[WhiteTeam "C.E. STRASBOURG"]
[BlackTeam "NICE Alekhine"]
[WhiteFideId "628549"]
[BlackFideId "20657307"]
[EventDate "2017.05.18"]

1. e4 e6 2. d4 d5 3. Nc3 Nf6 4. Bg5 dxe4 5. Nxe4 Be7 6. Nxf6+ Bxf6 7. Bxf6 Qxf6
8. Nf3 O-O 9. Qd2 c5 10. O-O-O Rd8 11. Qc3 b6 12. Bb5 Bd7 13. Bxd7 Nxd7 14. Qe3
Rac8 15. Rd2 Qg6 16. Qg5 Qxg5 17. Nxg5 Nf6 18. Rhd1 Kf8 19. Nf3 c4 20. c3 Nd5
21. a4 a6 22. Kc2 b5 23. axb5 axb5 24. Ra1 b4 25. cxb4 Nxb4+ 26. Kd1 Nd5 27. Rc2
f6 28. Rac1 Nb6 29. Ke2 g5 30. h3 h5 31. g3 Rb8 32. Ke3 Nd5+ 33. Ke2 Ne7 34. Nd2
Nf5 35. Rxc4 Rxb2 36. Rc8 Nxd4+ 37. Kd3 Nc6+ 38. Rxd8+ Nxd8 39. Ne4 f5 40. Nxg5
Rxf2 41. Rc7 Ke8 1/2-1/2

[Event "TCh-FRA Top 12 2017"]
[Site "Chartres FRA"]
[Date "2017.05.28"]
[Round "11.5"]
[Board "7"]
[White "Sulava, Nenad"]
[Black "Heinz, Timothee"]
[Result "1/2-1/2"]
[WhiteTitle "GM"]
[BlackTitle "FM"]
[WhiteElo "2468"]
[BlackElo "2353"]
[WhiteTeam "NICE Alekhine"]
[BlackTeam "C.E. STRASBOURG"]
[WhiteFideId "14500205"]
[BlackFideId "623369"]
[EventDate "2017.05.18"]

1. Nf3 Nf6 2. d4 d5 3. Bf4 e6 4. e3 b6 5. c3 Bb7 6. Nbd2 Nbd7 7. Bd3 Bd6 8. Ne5
a6 9. Qf3 Bxe5 10. dxe5 Nc5 11. Bc2 Nfe4 12. O-O-O Qh4 13. Bg3 Nxg3 14. hxg3 Qe7
15. Qg4 Qf8 16. Qh4 Qe7 17. g4 Qxh4 18. Rxh4 Nd7 19. f4 Ke7 20. Rdh1 Nf8 21. g5
c5 22. Nf3 Rd8 23. R1h3 Bc6 24. Kd2 Rg8 25. Bxh7 Nxh7 26. Rxh7 d4 27. cxd4 cxd4
28. Nxd4 Bxg2 29. Rg3 Be4 30. Rh2 Rc8 31. Rg1 Rh8 32. Rxh8 Rxh8 33. Kc3 Rh3 34.
Re1 Kd7 35. Ne2 Bd5 36. Kd4 Bxa2 37. Ra1 Rh2 38. Rxa2 Rxe2 39. Rxa6 Rxb2 40.
Ra7+ Ke8 41. g6 fxg6 42. Rxg7 Rg2 43. Ke4 Kf8 44. Rb7 g5 45. Rxb6 gxf4 46. exf4
Kf7 47. Rb7+ Ke8 48. Rh7 Rg1 49. Kf3 Kf8 50. Rh3 Kf7 51. Rg3 Rh1 52. Ke4 Re1+
53. Re3 Rf1 54. Rf3 Re1+ 55. Kd4 Rd1+ 56. Ke3 Ra1 57. Rg3 Rf1 58. Rg2 Rh1 59.
Kf3 Rh3+ 60. Kg4 Rh8 61. Ra2 Rg8+ 62. Kf3 Rg1 63. Ra7+ Kf8 64. Ke4 Re1+ 65. Kd4
Rd1+ 66. Kc5 Ke8 67. Rh7 Rd2 68. Rb7 Rd1 69. Rb4 Rd5+ 70. Kc6 Rd1 71. Rb6 Ke7
72. Kc5 Rd5+ 73. Kc4 Rd1 74. Rb7+ Ke8 75. Rb3 Rf1 76. Kc5 Rd1 77. Rb4 Rd5+ 78.
Kc4 Rd1 79. Rb3 Rf1 80. Kc5 Rd1 1/2-1/2